000 00418nam a2200181Ia 4500
001 10420
005 20260306161831.0
008 260306t2011||||xx |||||||||||||| ||spa||
041 _aESP
082 _a926
_bI77
100 _aIsaacson, Walter
_eAUT
245 0 _aSteve Jobs:
_bla biografía
260 _c2011
300 _a744 páginas :
_c23 cm.
650 _aGEN
654 _aCHU
942 _cLIB
_dJUS
_fJUS
_2ddc
_n
999 _c10420
_d10420